Vista normal Vista MARC

Entrada Meeting Name

Número de registros utilizados en: 1

001 - CONTROL NUMBER

  • control field: 7235

003 - CONTROL NUMBER IDENTIFIER

  • control field: OSt

005 - DATE AND TIME OF LATEST TRANSACTION

  • control field: 20200714164415.0

008 - FIXED-LENGTH DATA ELEMENTS

  • fixed length control field: 200714|| aca||aabn | a|a d

040 ## - CATALOGING SOURCE

  • Original cataloging agency: OSt
  • Transcribing agency: OSt

111 ## - HEADING--MEETING NAME

  • Meeting name or jurisdiction name as entry element: Seminario Politica económica y economía social de mercado en Colombia (2005, octubre, 4 y 5)
  • Location of meeting: Bogotá

670 ## - SOURCE DATA FOUND

  • Source citation: Work cat.: (OSt)5628: Seminario Politica económica y economía social de mercado en Colombia (2005, octubre, 4 y 5) Bogotá, Política económica y economía social de mercado en Colombia /, 2006.